000 00465nam a2200181Ia 4500
001 3946
005 20260306145720.0
008 260306t2021||||xx |||||||||||||| ||spa||
041 _aESP
082 _a305.800985
_bH85
100 _aHuber, Ludwig,
_eAUT
245 0 _aEnsayando identidades :
_bEstado e indígenas en el Perú contemporáneo
260 _c2021
300 _a208 páginas :
_c21 cm.
650 _aGEN
654 _aCHU
942 _cLIB
_dJUS
_fJUS
_2ddc
_n
999 _c3946
_d3946